Renewable energy sources (Record no. 115277)

MARC details
000 -LEADER
fixed length control field 01362cam a22003135a 4500
001 - CONTROL NUMBER
control field L158356
008 - FIXED-LENGTH DATA ELEMENTS--GENERAL INFORMATION
fixed length control field 131008s2014 xxk f 000 0 eng d
020 ## - INTERNATIONAL STANDARD BOOK NUMBER
International Standard Book Number 9781848063853
020 ## - INTERNATIONAL STANDARD BOOK NUMBER
International Standard Book Number 9781848063921
Qualifying information (4-part set)
035 ## - SYSTEM CONTROL NUMBER
System control number (Sirsi) u158356
041 0# - LANGUAGE CODE
Language code of text/sound track or separate title eng
100 1# - MAIN ENTRY--PERSONAL NAME
Personal name Holden, John
245 00 - TITLE STATEMENT
Title Renewable energy sources
Remainder of title How they work and what they deliver
Number of part/section of a work Part 4
Name of part/section of a work Solar thermal hot water systems
260 ## - PUBLICATION, DISTRIBUTION, ETC.
Place of publication, distribution, etc. Watford
Name of publisher, distributor, etc. BRE
Date of publication, distribution, etc. 2014
300 ## - PHYSICAL DESCRIPTION
Extent 4p.
Other physical details ill.
Dimensions 30cm.
490 #0 - SERIES STATEMENT
Series statement BRE Digest
Volume/sequential designation (DG 532-4)
520 ## - SUMMARY, ETC.
Summary, etc. Describes the different types of solar thermal systems and how they operate. Installation requirements, including integration with the building's hot water system and the steps that should be taken to ensure their safe and efficient operation, are also discussed and methods for estimating their annual energy performance are identified.
520 ## - SUMMARY, ETC.
Summary, etc. Department of Energy and Climate Change (DECC), installation standards and product certification scheme requirements available at www.microgenerationcertification.org.
521 ## - TARGET AUDIENCE NOTE
Target audience note Advanced
590 ## - LOCAL NOTE (RLIN)
Local note KA
650 24 - SUBJECT ADDED ENTRY--TOPICAL TERM
Topical term or geographic name entry element Microgeneration Certification Scheme
650 24 - SUBJECT ADDED ENTRY--TOPICAL TERM
Topical term or geographic name entry element RENEWABLE HEAT INCENTIVE
650 24 - SUBJECT ADDED ENTRY--TOPICAL TERM
Topical term or geographic name entry element GREEN DEAL
651 #4 - SUBJECT ADDED ENTRY--GEOGRAPHIC NAME
Geographic name ENGLAND AND WALES
690 ## - LOCAL SUBJECT ADDED ENTRY--TOPICAL TERM (OCLC, RLIN)
Topical term or geographic name as entry element Renewables
9 (RLIN) 6265
690 ## - LOCAL SUBJECT ADDED ENTRY--TOPICAL TERM (OCLC, RLIN)
Topical term or geographic name as entry element Energy
9 (RLIN) 6237
700 1# - ADDED ENTRY--PERSONAL NAME
Personal name Robinson, Patrick
942 ## - ADDED ENTRY ELEMENTS (KOHA)
Suppress in OPAC 0
Holdings
Withdrawn status Lost status Source of classification or shelving scheme Damaged status Not for loan Home library Current library Shelving location Date acquired Total Checkouts Full call number Barcode Date last seen Copy number Price effective from Koha item type
    Dewey Decimal Classification     London London BRE publications 14/01/2015   BRE 30075303 06/08/2019 1 06/08/2019 Book